| 000 | 01483nam a2200409 c 4500 | ||
|---|---|---|---|
| 001 | 17630 | ||
| 003 | ES-MaCES | ||
| 005 | 20150925135634.0 | ||
| 008 | 050608s2005 sp d t o000 | spa d | ||
| 017 |
_aAS 1529-2005 _bDL |
||
| 020 | _a8468917737 | ||
| 035 | _aCES20050005577m | ||
| 040 |
_aES-MaCES _bspa _cES-MaCES |
||
| 100 | 1 |
_aFernández-Costales Muñiz, Javier _911797 |
|
| 245 | 1 | 0 |
_aPoder disciplinario empresarial y proceso especial de impugnación de sanciones _cJavier Fernández-Costales Muñiz |
| 260 |
_aOviedo _bConsejo Económico y Social del Principado de Asturias _c[2005] |
||
| 300 |
_a180 p. _c24 cm |
||
| 490 | 1 |
_aColección de estudios _v4 |
|
| 504 | _aBibliografía: p. 161-180 | ||
| 541 | _cGratuito | ||
| 650 | 4 |
_apoder empresarial _930600 |
|
| 650 | 4 |
_aderechos de la dirección _929896 |
|
| 650 | 4 |
_amecanismo de control _929918 |
|
| 650 | 4 |
_adisciplina _928210 |
|
| 650 | 4 |
_aimpugnación _931120 |
|
| 650 | 4 |
_asanción _929073 |
|
| 650 | 4 |
_aprocedimiento laboral _930887 |
|
| 650 | 4 |
_aEspaña _926964 |
|
| 650 | 4 |
_aderecho del trabajo _927165 |
|
| 653 | 1 | 0 | _aDerecho del trabajo y Seguridad Social |
| 650 | 4 |
_928369 _arelaciones laborales |
|
| 710 | 2 |
_aConsejo Económico y Social del Principado de Asturias _eed. _92445 |
|
| 830 | 0 |
_aColección de estudios (Consejo Económico y Social del Principado de Asturias) _v4 _934020 |
|
| 902 | _aLIB Libro | ||
| 942 |
_2CES _cBK _h6.0.1. |
||
| 999 |
_c17630 _d17630 |
||